000 00880namaa2200289 a 4500
001 vtls001304339
003 NLI
005 20210627043903.0
008 120418s1984 dcu i000 0 eng
039 9 _y201204181932
_zVLOAD
040 0 _aNLI
_cVTLS-2012_FOD
_eAACR2
041 0 _aeng
044 _adcu
082 0 4 _a362.0973
110 2 _aU.S. Department of Health and Human Services
_9722556
245 1 0 _aSocial security bulletin
260 _aWashington, D.C. :
_bUnited States Government Printing Office,
_c1984
300 _a-v. ;
_c30 cm.
500 _aLibrary has v.47,no.10
650 0 _aPolice social work
_9725423
650 0 _aSocial service
_zUnited States
_9713096
887 _a
901 _aAD 131711
_b25.10.2010
_9v.47,no.10
902 _aU.S 362.0973 Un 3
949 _AVIRTUAITEM
_D10000
_X100
_6ADX000131711ENG
_9v.47,no.10
942 _2ddc
_cBKS
999 _c596168
_d596168